000 00482cam a2200193ua 4500
001 4014
008 111213n ii |||gr||||Z||||||asm
020 _a81-7519-056-6
040 _cMAIN
082 _a891.4511
100 _aBorgohain, Monorama,
245 1 1 _aAsamiya kavitar aitihasik
_cby Monorama Borgohain
250 _a1st.
260 _aGuwahati:
_bImprint,996.
300 _a164p:
_c23cm.
653 _aAssamese poetry
653 _aAsamiya kavitar aitihasik
942 _cBK
999 _c3836
_d3836